[Event "Kvika Reykjavik Open 2022"]
[Site "Reykjavik, Iceland"]
[Date "2022.04.07"]
[Round "3.7"]
[White "Idani, Pouya"]
[Black "Tania, Sachdev"]
[Result "1-0"]
[WhiteElo "2638"]
[BlackElo "2392"]
[PlyCount "71"]
[EventDate "2022.??.??"]

1. e4 {[%eval 33,0]} e5 {[%eval 12,0]} 2. Nf3 {[%eval 19,0]} Nc6 {[%eval 32,0]}
3. Bb5 {[%eval 24,0]} a6 {[%eval 37,0]} 4. Ba4 {[%eval 35,0]} Nf6 {[%eval 37,0]
} 5. O-O {[%eval 29,0]} Be7 {[%eval 39,0]} 6. Re1 {[%eval 45,0]} b5 {[%eval 33,
0]} 7. Bb3 {[%eval 31,0]} O-O {[%eval 32,0]} 8. a4 {[%eval 39,0]} b4 {[%eval
32,0]} 9. d4 {[%eval 52,0]} d6 {[%eval 51,0]} 10. dxe5 {[%eval 56,0]} dxe5 {
[%eval 65,0]} 11. Qe2 $6 {[%eval 0,0] Inaccuracy. Nbd2 was best.} (11. Nbd2 a5
12. Bc4 h6 13. h3 Bb7 14. c3 Bd6 15. Qe2 Nd7 16. Nf1 Nb6 17. Bb5 Qf6) 11... h6
$6 {[%eval 64,0] Inaccuracy. Bg4 was best.} (11... Bg4 12. Nbd2 Nd4 13. Qd3
Nxb3 14. Nxb3 Qd6 15. h3 Be6 16. Na5 Qc5 17. Nb3) 12. Be3 {[%eval 29,0]} Bd6 {
[%eval 62,0]} 13. Nbd2 {[%eval 44,0]} Na5 {[%eval 23,0]} 14. Ba2 {[%eval 24,0]}
Ng4 {[%eval 21,0]} 15. Nf1 {[%eval 29,0]} Rb8 {[%eval 28,0]} 16. N3d2 {[%eval
41,0]} Nxe3 {[%eval 39,0]} 17. Nxe3 {[%eval 51,0]} Bc5 {[%eval 47,0]} 18. Nf3 {
[%eval 57,0]} Bxe3 {[%eval 74,0]} 19. Qxe3 {[%eval 65,0]} Qe7 {[%eval 69,0]}
20. Rad1 {[%eval 93,0]} Bg4 {[%eval 112,0]} 21. h3 $6 {[%eval 5,0] Inaccuracy.
Rd5 was best.} (21. Rd5 Nc6 22. Qc5 Bxf3 23. Qxc6 Rb6 24. Qc5 Qxc5 25. Rxc5 Rg6
26. g3 Rd6 27. Rxe5 Rfd8) 21... Bxf3 {[%eval 4,0]} 22. Qxf3 {[%eval 45,0]} Qe8
{[%eval 79,0]} 23. Bb3 {[%eval 7,0]} Nc6 $6 {[%eval 153,0] Inaccuracy. Qe7 was
best.} (23... Qe7 24. Rd5 Nxb3 25. Qxb3 Rfd8 26. Red1 Rxd5 27. Rxd5 Rd8 28. Qc4
Rxd5 29. exd5 Qd6 30. a5) 24. Qd3 $2 {[%eval 28,0] Mistake. Rd5 was best.} (24.
Rd5 Qe7) 24... Qc8 $4 {[%eval 201,0] Blunder. Rb6 was best.} (24... Rb6) 25.
Bc4 {[%eval 199,0]} Rb6 $6 {[%eval 207,0] Inaccuracy. a5 was best.} (25... a5)
26. Qd7 {[%eval 213,0]} Qb8 $6 {[%eval 312,0] Inaccuracy. Qxd7 was best.} (
26... Qxd7 27. Rxd7) 27. Qd5 {[%eval 275,0]} Nd4 $2 {[%eval 481,0] Mistake. a5
was best.} (27... a5 28. Qc5 Rd8 29. Rd5 Kh7 30. Red1 Nd4 31. Qxa5 Rxd5 32.
exd5 f5 33. Qc5 Rg6 34. a5) 28. Qxe5 {[%eval 519,0]} Nxc2 {[%eval 500,0]} 29.
Re2 {[%eval 562,0]} b3 {[%eval 562,0]} 30. Red2 {[%eval 521,0]} Rf6 {[%eval
602,0]} 31. Qe7 {[%eval 574,0]} Rd6 {[%eval 694,0]} 32. Rxd6 {[%eval 662,0]}
cxd6 {[%eval 647,0]} 33. Rxd6 {[%eval 588,0]} Kh7 $6 {[%eval 828,0] Inaccuracy.
Qc8 was best.} (33... Qc8 34. Bxb3 Na1 35. Bd1 Re8 36. Qh4 Qc7 37. Qf4 Rb8 38.
e5 Nb3 39. Bg4 Qc1+ 40. Qxc1) 34. e5 {[%eval 803,0]} Nb4 {[%eval 954,0]} 35.
Bxf7 {[%eval 807,0]} Rc8 {[%eval 1024,0]} 36. Rxh6+ {[%eval 32754,0]} 1-0

[Event "Kvika Reykjavik Open 2022"]
[Site "Reykjavik, Iceland"]
[Date "2022.04.07"]
[Round "3.8"]
[White "Sadhwani, Raunak"]
[Black "Grieve, Harry"]
[Result "1-0"]
[WhiteElo "2628"]
[BlackElo "2387"]
[PlyCount "101"]
[EventDate "2022.??.??"]

1. d4 {[%eval 3,0]} d5 {[%eval 35,0]} 2. Nf3 {[%eval 28,0]} e6 {[%eval 25,0]}
3. c4 {[%eval 0,0]} c6 {[%eval 36,0]} 4. e3 {[%eval 32,0]} Bd6 {[%eval 36,0]}
5. Be2 {[%eval 0,0]} f5 {[%eval 4,0]} 6. O-O {[%eval 48,0]} Nf6 {[%eval 74,0]}
7. b3 {[%eval 66,0]} Qe7 {[%eval 79,0]} 8. a4 {[%eval 77,0]} a5 {[%eval 83,0]}
9. Ba3 {[%eval 73,0]} O-O {[%eval 99,0]} 10. Bxd6 {[%eval 81,0]} Qxd6 {[%eval
67,0]} 11. Nbd2 {[%eval 55,0]} Nbd7 {[%eval 96,0]} 12. Qc2 {[%eval 104,0]} Ne4
{[%eval 95,0]} 13. Rfc1 {[%eval 103,0]} Kh8 {[%eval 109,0]} 14. Ne1 {[%eval 77,
0]} g5 $6 {[%eval 153,0] Inaccuracy. e5 was best.} (14... e5) 15. f3 {[%eval
118,0]} Nxd2 {[%eval 108,0]} 16. Qxd2 {[%eval 105,0]} f4 $6 {[%eval 186,0]
Inaccuracy. dxc4 was best.} (16... dxc4) 17. Nd3 {[%eval 197,0]} Rf6 {[%eval
205,0]} 18. Bf1 {[%eval 265,0]} Nf8 {[%eval 293,0]} 19. Re1 {[%eval 249,0]} Ng6
{[%eval 204,0]} 20. Qc3 {[%eval 255,0]} fxe3 {[%eval 288,0]} 21. Rxe3 {[%eval
257,0]} Bd7 {[%eval 209,0]} 22. Rae1 {[%eval 301,0]} Qc7 {[%eval 334,0]} 23.
Nc5 {[%eval 292,0]} Raf8 {[%eval 281,0]} 24. g3 {[%eval 275,0]} h5 $6 {[%eval
404,0] Inaccuracy. b6 was best.} (24... b6 25. Nxd7) 25. Bh3 {[%eval 361,0]} b6
{[%eval 335,0]} 26. Nxd7 {[%eval 276,0]} Qxd7 {[%eval 304,0]} 27. Rxe6 {
[%eval 309,0]} g4 {[%eval 303,0]} 28. Rxf6 {[%eval 298,0]} Rxf6 {[%eval 312,0]}
29. fxg4 {[%eval 311,0]} hxg4 {[%eval 208,0]} 30. Bg2 {[%eval 263,0]} dxc4 $4 {
[%eval 631,0] Blunder. Kg7 was best.} (30... Kg7 31. Qe3) 31. bxc4 $6 {[%eval
461,0] Inaccuracy. d5 was best.} (31. d5 Qg7) 31... Kh7 {[%eval 471,0]} 32. d5
{[%eval 407,0]} Qg7 {[%eval 468,0]} 33. Qc2 {[%eval 464,0]} cxd5 {[%eval 407,0]
} 34. Bxd5 $6 {[%eval 362,0] Inaccuracy. cxd5 was best.} (34. cxd5 Rd6) 34...
Qf8 {[%eval 396,0]} 35. Qe2 $6 {[%eval 288,0] Inaccuracy. Qb2 was best.} (35.
Qb2) 35... Qb4 {[%eval 267,0]} 36. Rd1 {[%eval 273,0]} Qxa4 {[%eval 276,0]} 37.
Qxg4 {[%eval 249,0]} Kh6 $2 {[%eval 409,0] Mistake. Qe8 was best.} (37... Qe8
38. Be4) 38. Qd4 {[%eval 384,0]} Qc2 {[%eval 416,0]} 39. h4 $2 {[%eval 223,0]
Mistake. Re1 was best.} (39. Re1) 39... Ne5 $4 {[%eval 481,0] Blunder. Qe2 was
best.} (39... Qe2 40. Qd2+) 40. Re1 $2 {[%eval 271,0] Mistake. Qe3+ was best.}
(40. Qe3+ Kg7) 40... Ng4 {[%eval 317,0]} 41. Bg2 {[%eval 284,0]} Qf2+ $6 {
[%eval 426,0] Inaccuracy. Kh5 was best.} (41... Kh5 42. Qd5+ Rf5 43. Qe6 Qf2+
44. Kh1 Rf8 45. Qe7 Qf6 46. Qh7+ Qh6 47. Re7 Qxh7 48. Rxh7+) 42. Qxf2 {[%eval
425,0]} Nxf2 {[%eval 469,0]} 43. Re7 {[%eval 407,0]} Kh5 {[%eval 517,0]} 44.
Rg7 $6 {[%eval 341,0] Inaccuracy. Bf1 was best.} (44. Bf1 Kg6 45. Be2 a4 46.
Re3 Rf5 47. Bf3 Nh3+ 48. Kh2 Ng5 49. hxg5 Kxg5 50. Ra3 Rxf3) 44... Nd1 {
[%eval 341,0]} 45. Be4 {[%eval 443,0]} Nc3 {[%eval 475,0]} 46. Bd3 {[%eval 485,
0]} Rd6 $6 {[%eval 681,0] Inaccuracy. Nd1 was best.} (46... Nd1 47. Rh7+) 47.
Bf5 {[%eval 692,0]} a4 {[%eval 764,0]} 48. Rh7+ {[%eval 775,0]} Rh6 {[%eval
708,0]} 49. g4+ {[%eval 777,0]} Kxh4 {[%eval 807,0]} 50. Rxh6+ {[%eval 781,0]}
Kg3 {[%eval 816,0]} 51. Rxb6 {[%eval 793,0]} 1-0

[Event "Kvika Reykjavik Open 2022"]
[Site "Reykjavik, Iceland"]
[Date "2022.04.07"]
[Round "3.9"]
[White "Kolbus, Dietmar"]
[Black "Praggnanandhaa, R..."]
[Result "0-1"]
[WhiteElo "2312"]
[BlackElo "2624"]
[PlyCount "94"]
[EventDate "2022.??.??"]

1. d4 {[%eval 3,0]} Nf6 {[%eval 23,0]} 2. Nf3 {[%eval 12,0]} e6 {[%eval 27,0]}
3. g3 {[%eval 14,0]} b5 {[%eval 13,0]} 4. Bg2 {[%eval 18,0]} Bb7 {[%eval 31,0]}
5. O-O {[%eval 15,0]} Be7 {[%eval 25,0]} 6. Bg5 {[%eval 37,0]} d5 {[%eval 13,0]
} 7. Bxf6 {[%eval 12,0]} Bxf6 {[%eval 28,0]} 8. c3 {[%eval 6,0]} Nd7 {[%eval
22,0]} 9. Nbd2 {[%eval 11,0]} c5 {[%eval 23,0]} 10. dxc5 $6 {[%eval -75,0]
Inaccuracy. a4 was best.} (10. a4 a6) 10... Nxc5 {[%eval -93,0]} 11. Nb3 {
[%eval -44,0]} Na4 {[%eval -38,0]} 12. Qd2 {[%eval -62,0]} O-O {[%eval -94,0]}
13. Nfd4 {[%eval -24,0]} Qb6 {[%eval -66,0]} 14. e3 {[%eval -62,0]} Rfd8 {
[%eval 95,0]} 15. f4 {[%eval -97,0]} Be7 {[%eval -99,0]} 16. a3 {[%eval -88,0]}
a6 {[%eval 74,0]} 17. Rfe1 {[%eval 93,0]} Rac8 {[%eval 92,0]} 18. Qf2 {[%eval
99,0]} Qc7 {[%eval 92,0]} 19. Re2 {[%eval -99,0]} Nb6 {[%eval 78,0]} 20. Nc1 {
[%eval 85,0]} Nc4 {[%eval -98,0]} 21. Nd3 {[%eval 88,0]} Nd6 $6 {[%eval 22,0]
Inaccuracy. Re8 was best.} (21... Re8 22. Rf1 Bd6 23. Rfe1 Rcd8 24. e4 dxe4 25.
Bxe4 Bxe4 26. Rxe4 Bf8 27. h4 h5 28. Kh2) 22. Qe1 {[%eval 49,0]} a5 {[%eval 51,
0]} 23. Qd1 $6 {[%eval -83,0] Inaccuracy. g4 was best.} (23. g4 Ba6 24. Rc2 Qb6
25. Bf1 Ne4 26. g5 b4 27. axb4 Bxd3 28. Bxd3 axb4 29. h4 bxc3) 23... Ba6 {
[%eval -81,0]} 24. Bf1 {[%eval -78,0]} Qb6 {[%eval -93,0]} 25. Rc2 {[%eval -93,
0]} Re8 {[%eval 97,0]} 26. Kh1 $6 {[%eval -46,0] Inaccuracy. Qf3 was best.} (
26. Qf3 Bf8) 26... Bf8 {[%eval -95,0]} 27. Rac1 $6 {[%eval -193,0] Inaccuracy.
h4 was best.} (27. h4 f6) 27... Rcd8 {[%eval -197,0]} 28. Bg2 {[%eval -175,0]}
g6 {[%eval -25,0]} 29. Ra1 {[%eval -200,0]} Bg7 {[%eval -11,0]} 30. Qe2 $6 {
[%eval -192,0] Inaccuracy. Kg1 was best.} (30. Kg1) 30... b4 {[%eval -122,0]}
31. axb4 {[%eval -118,0]} axb4 {[%eval -127,0]} 32. Qd1 {[%eval -101,0]} Bxd3 {
[%eval -273,0]} 33. Qxd3 {[%eval -116,0]} Ra8 {[%eval -300,0]} 34. Rcc1 {
[%eval -121,0]} bxc3 {[%eval -297,0]} 35. bxc3 {[%eval -125,0]} Rxa1 {[%eval
-194,0]} 36. Rxa1 {[%eval -115,0]} Rb8 {[%eval -156,0]} 37. Bf3 $2 {[%eval
-356,0] Mistake. Ra6 was best.} (37. Ra6) 37... Qb2 {[%eval -395,0]} 38. Rd1 $6
{[%eval -563,0] Inaccuracy. Rf1 was best.} (38. Rf1 Bxd4) 38... Bxd4 {[%eval
-562,0]} 39. cxd4 {[%eval -554,0]} Rb3 {[%eval -551,0]} 40. Qd2 {[%eval -524,0]
} Qa3 {[%eval -554,0]} 41. Qf2 {[%eval -697,0]} Rxe3 {[%eval -525,0]} 42. Kg2 {
[%eval -501,0]} Rb3 {[%eval -539,0]} 43. Rd2 {[%eval -647,0]} Nc4 {[%eval -651,
0]} 44. Re2 {[%eval -502,0]} Qc1 {[%eval -532,0]} 45. Kh3 {[%eval -512,0]} Qc3
{[%eval -512,0]} 46. Bg2 {[%eval -692,0]} Qd3 {[%eval -673,0]} 47. Bf1 {
[%eval -755,0]} Ne3 {[%eval -756,0]} 0-1

[Event "Kvika Reykjavik Open 2022"]
[Site "Reykjavik, Iceland"]
[Date "2022.04.07"]
[Round "3.10"]
[White "Andersen, Mads"]
[Black "Song, Julien"]
[Result "1-0"]
[WhiteElo "2582"]
[BlackElo "2373"]
[PlyCount "75"]
[EventDate "2022.??.??"]

1. Nf3 {[%eval 29,0]} Nf6 {[%eval 29,0]} 2. g3 {[%eval 5,0]} d5 {[%eval 35,0]}
3. Bg2 {[%eval 21,0]} e6 {[%eval 25,0]} 4. O-O {[%eval 9,0]} Be7 {[%eval 0,0]}
5. c4 {[%eval 22,0]} O-O {[%eval 5,0]} 6. d4 {[%eval 22,0]} dxc4 {[%eval 31,0]}
7. Ne5 {[%eval 12,0]} Nc6 {[%eval 19,0]} 8. Nxc6 {[%eval 9,0]} bxc6 {[%eval 7,
0]} 9. Na3 {[%eval 7,0]} Bxa3 {[%eval 1,0]} 10. bxa3 {[%eval 27,0]} Ba6 {
[%eval 0,0]} 11. Bxc6 {[%eval 0,0]} Rb8 {[%eval 35,0]} 12. Re1 {[%eval 17,0]}
Qd6 {[%eval 14,0]} 13. Qa4 {[%eval 1,0]} Rb6 {[%eval 1,0]} 14. Bf3 {[%eval 19,
0]} Nd5 {[%eval 34,0]} 15. Qc2 {[%eval 31,0]} Rbb8 {[%eval 17,0]} 16. e4 {
[%eval 13,0]} Nb6 {[%eval 0,0]} 17. Rd1 {[%eval 5,0]} Bb5 {[%eval 35,0]} 18.
Qc3 {[%eval 41,0]} Na4 {[%eval 45,0]} 19. Qc2 {[%eval 29,0]} c3 {[%eval 26,0]}
20. Rb1 {[%eval 25,0]} Bc6 $2 {[%eval 104,0] Mistake. Qa6 was best.} (20... Qa6
21. Rb4) 21. Rb3 {[%eval 135,0]} Qd7 {[%eval 176,0]} 22. d5 {[%eval 223,0]}
exd5 {[%eval 196,0]} 23. exd5 {[%eval 108,0]} Bb5 {[%eval 216,0]} 24. Rb4 {
[%eval 175,0]} Rfe8 $4 {[%eval 522,0] Blunder. a5 was best.} (24... a5 25. Rh4)
25. Kg2 $4 {[%eval 102,0] Blunder. Bg4 was best.} (25. Bg4 Qe7 26. Rxb5 Rxb5
27. Qxa4 Qc5 28. Kg2 Re5 29. Bf3 g5 30. Qc2 f5 31. h3 Qc4) 25... Nb6 $2 {
[%eval 258,0] Mistake. a5 was best.} (25... a5 26. Rh4) 26. Rh4 {[%eval 204,0]}
h6 $6 {[%eval 363,0] Inaccuracy. f5 was best.} (26... f5 27. Qxc3 Be2 28. Bxe2
Rxe2 29. Qb3 Rbe8 30. a4 Qf7 31. a5 Nc8 32. Kf1 R2e5 33. Be3) 27. Qxc3 {
[%eval 323,0]} Be2 $6 {[%eval 406,0] Inaccuracy. f5 was best.} (27... f5 28.
Be3) 28. Bxe2 {[%eval 376,0]} Rxe2 {[%eval 405,0]} 29. Bxh6 {[%eval 409,0]} f6
{[%eval 409,0]} 30. Bxg7 $4 {[%eval 127,0] Blunder. Qf3 was best.} (30. Qf3)
30... Qxg7 {[%eval 141,0]} 31. Qf3 {[%eval 106,0]} Re5 {[%eval 103,0]} 32. Rdd4
{[%eval 72,0]} Rd8 $4 {[%eval 725,0] Blunder. Rg5 was best.} (32... Rg5) 33.
Rhg4 {[%eval 752,0]} Rg5 {[%eval 705,0]} 34. h4 {[%eval 703,0]} Rxg4 {[%eval
746,0]} 35. Rxg4 {[%eval 712,0]} Nxd5 {[%eval 737,0]} 36. Rxg7+ {[%eval 739,0]}
Kxg7 {[%eval 735,0]} 37. Qf5 {[%eval 689,0]} Ne7 {[%eval 738,0]} 38. Qc5 {
[%eval 700,0]} 1-0

[Event "Kvika Reykjavik Open 2022"]
[Site "Reykjavik, Iceland"]
[Date "2022.04.07"]
[Round "3.11"]
[White "Gretarsson, Hjorvar Steinn"]
[Black "Dishman, stephen"]
[Result "1-0"]
[WhiteElo "2542"]
[BlackElo "2339"]
[PlyCount "73"]
[EventDate "2022.??.??"]

1. e4 {[%eval 33,0]} c6 {[%eval 56,0]} 2. Nf3 {[%eval 35,0]} d5 {[%eval 27,0]}
3. d3 {[%eval 9,0]} dxe4 {[%eval 29,0]} 4. dxe4 {[%eval 39,0]} Qxd1+ {[%eval
43,0]} 5. Kxd1 {[%eval 28,0]} Nf6 {[%eval 13,0]} 6. Nc3 {[%eval 0,0]} Nbd7 {
[%eval 0,0]} 7. a4 {[%eval 0,0]} e5 {[%eval 2,0]} 8. Nd2 {[%eval 9,0]} Bc5 {
[%eval 23,0]} 9. f3 {[%eval 32,0]} O-O {[%eval 72,0]} 10. Nc4 {[%eval 86,0]}
Re8 {[%eval 99,0]} 11. a5 {[%eval 81,0]} h6 {[%eval 117,0]} 12. Bd2 {[%eval
127,0]} Nh7 {[%eval 124,0]} 13. Na4 {[%eval 116,0]} Bf8 {[%eval 105,0]} 14. Be3
{[%eval 172,0]} Ng5 {[%eval 176,0]} 15. c3 {[%eval 179,0]} Ne6 $6 {[%eval 252,
0] Inaccuracy. f5 was best.} (15... f5 16. exf5) 16. b4 $2 {[%eval 125,0]
Mistake. Kc2 was best.} (16. Kc2 Ndc5 17. Nxc5 Nxc5 18. Be2 Be6 19. Rhd1 b5 20.
axb6 axb6 21. Rxa8 Rxa8 22. Bxc5 Bxc4) 16... Nc7 $2 {[%eval 206,0] Mistake. b6
was best.} (16... b6) 17. Kc2 {[%eval 293,0]} Nb5 {[%eval 296,0]} 18. Be2 $6 {
[%eval 199,0] Inaccuracy. g4 was best.} (18. g4 Nd6) 18... Nd6 $2 {[%eval 338,
0] Mistake. f5 was best.} (18... f5) 19. Rhd1 {[%eval 327,0]} Nxc4 {[%eval 372,
0]} 20. Bxc4 {[%eval 303,0]} Nf6 {[%eval 371,0]} 21. Rd2 {[%eval 395,0]} Be6 {
[%eval 414,0]} 22. Nb2 {[%eval 408,0]} Bc8 {[%eval 479,0]} 23. Rad1 {[%eval
477,0]} Be7 {[%eval 549,0]} 24. Bb3 {[%eval 551,0]} a6 {[%eval 603,0]} 25. Na4
{[%eval 595,0]} Be6 {[%eval 612,0]} 26. Bxe6 {[%eval 643,0]} fxe6 {[%eval 647,
0]} 27. Nb6 {[%eval 629,0]} Rad8 {[%eval 671,0]} 28. Nc4 {[%eval 529,0]} Rxd2+
{[%eval 489,0]} 29. Rxd2 {[%eval 549,0]} Rd8 {[%eval 714,0]} 30. Rxd8+ {
[%eval 721,0]} Bxd8 {[%eval 715,0]} 31. Nd6 {[%eval 721,0]} Be7 {[%eval 737,0]}
32. Nxb7 {[%eval 752,0]} Nd7 {[%eval 788,0]} 33. Kb3 {[%eval 815,0]} Kf7 {
[%eval 800,0]} 34. Kc4 {[%eval 689,0]} h5 {[%eval 725,0]} 35. Bc5 {[%eval 724,
0]} Bg5 {[%eval 864,0]} 36. Nd6+ {[%eval 725,0]} Kg6 {[%eval 825,0]} 37. Nc8 {
[%eval 797,0]} 1-0

[Event "Kvika Reykjavik Open 2022"]
[Site "Reykjavik, Iceland"]
[Date "2022.04.07"]
[Round "3.12"]
[White "Yoo, Christopher Woojin"]
[Black "Brunello, Marina"]
[Result "1-0"]
[WhiteElo "2532"]
[BlackElo "2337"]
[PlyCount "69"]
[EventDate "2022.??.??"]

1. e4 {[%eval 33,0]} c5 {[%eval 32,0]} 2. Nf3 {[%eval 0,0]} d6 {[%eval 0,0]} 3.
d4 {[%eval 15,0]} cxd4 {[%eval 13,0]} 4. Nxd4 {[%eval 29,0]} Nf6 {[%eval 31,0]}
5. Nc3 {[%eval 18,0]} a6 {[%eval 33,0]} 6. a3 {[%eval 0,0]} e5 {[%eval 0,0]} 7.
Nf5 {[%eval 11,0]} d5 {[%eval 14,0]} 8. Bg5 {[%eval 71,0]} d4 {[%eval 16,0]} 9.
Bxf6 {[%eval 42,0]} gxf6 {[%eval 15,0]} 10. Nb1 {[%eval 38,0]} Qb6 {[%eval 2,0]
} 11. Nd2 {[%eval 6,0]} Bxf5 $6 {[%eval 84,0] Inaccuracy. Be6 was best.} (11...
Be6 12. Bd3) 12. exf5 {[%eval 66,0]} h5 $6 {[%eval 138,0] Inaccuracy. Nd7 was
best.} (12... Nd7 13. Bd3 Qxb2 14. O-O Qc3 15. Rb1 Qc7 16. Qf3 Nc5 17. Ne4 Qc6
18. Nxc5 Qxf3 19. gxf3) 13. Be2 {[%eval 98,0]} h4 {[%eval 71,0]} 14. O-O {
[%eval 8,0]} Nc6 $6 {[%eval 133,0] Inaccuracy. Nd7 was best.} (14... Nd7 15. b4
) 15. Bf3 $6 {[%eval 46,0] Inaccuracy. Bd3 was best.} (15. Bd3 Be7 16. Qf3 h3
17. g3 Kf8 18. Ne4 Na7 19. Rfb1 Qc6 20. c4 dxc3 21. bxc3 Nb5) 15... Bh6 $6 {
[%eval 133,0] Inaccuracy. O-O-O was best.} (15... O-O-O 16. b4) 16. Ne4 {
[%eval 146,0]} Ne7 {[%eval 162,0]} 17. c4 {[%eval 105,0]} Rc8 $2 {[%eval 278,0]
Mistake. Kf8 was best.} (17... Kf8 18. c5) 18. c5 {[%eval 278,0]} Rxc5 {
[%eval 285,0]} 19. Nxc5 {[%eval 207,0]} Qxc5 {[%eval 273,0]} 20. Bxb7 {[%eval
297,0]} Nxf5 $6 {[%eval 449,0] Inaccuracy. Kf8 was best.} (20... Kf8 21. Qf3)
21. Qf3 {[%eval 428,0]} Bf4 {[%eval 443,0]} 22. Bxa6 {[%eval 444,0]} Kf8 {
[%eval 478,0]} 23. Bd3 {[%eval 467,0]} Ne7 {[%eval 465,0]} 24. a4 {[%eval 408,
0]} f5 {[%eval 481,0]} 25. a5 {[%eval 449,0]} Qd6 $6 {[%eval 616,0] Inaccuracy.
h3 was best.} (25... h3) 26. a6 {[%eval 622,0]} e4 {[%eval 622,0]} 27. Bxe4 {
[%eval 623,0]} fxe4 {[%eval 628,0]} 28. Qxe4 {[%eval 608,0]} Bxh2+ {[%eval 622,
0]} 29. Kh1 {[%eval 603,0]} Ng6 {[%eval 607,0]} 30. a7 {[%eval 663,0]} Kg7 {
[%eval 692,0]} 31. a8=Q {[%eval 607,0]} Rxa8 {[%eval 659,0]} 32. Rxa8 {[%eval
654,0]} d3 {[%eval 685,0]} 33. Ra3 {[%eval 700,0]} d2 {[%eval 706,0]} 34. Rd3 {
[%eval 692,0]} Qa6 {[%eval 882,0]} 35. Kxh2 {[%eval 808,0]} 1-0

[Event "Kvika Reykjavik Open 2022"]
[Site "Reykjavik, Iceland"]
[Date "2022.04.07"]
[Round "3.13"]
[White "Peng, Li Min"]
[Black "Cummings, David H."]
[Result "1-0"]
[WhiteElo "2517"]
[BlackElo "2321"]
[PlyCount "113"]
[EventDate "2022.??.??"]

1. d4 {[%eval 3,0]} Nf6 {[%eval 23,0]} 2. c4 {[%eval 2,0]} e6 {[%eval 23,0]} 3.
Nc3 {[%eval 5,0]} Bb4 {[%eval 25,0]} 4. Qc2 {[%eval 0,0]} O-O {[%eval 11,0]} 5.
e4 {[%eval 0,0]} d5 {[%eval 0,0]} 6. e5 {[%eval 0,0]} Ne4 {[%eval 0,0]} 7. Bd3
{[%eval 0,0]} c5 {[%eval 0,0]} 8. Nf3 {[%eval 28,0]} cxd4 {[%eval 26,0]} 9.
Nxd4 {[%eval 12,0]} Nd7 {[%eval 11,0]} 10. Bf4 {[%eval 7,0]} Qh4 {[%eval 7,0]}
11. g3 {[%eval 11,0]} Qh5 {[%eval 8,0]} 12. O-O {[%eval 7,0]} g5 {[%eval 12,0]}
13. cxd5 {[%eval 22,0]} Bxc3 {[%eval 2,0]} 14. bxc3 {[%eval 11,0]} exd5 {
[%eval 1,0]} 15. Be3 {[%eval 3,0]} Nxe5 {[%eval 4,0]} 16. f3 {[%eval 36,0]} Nc5
{[%eval 25,0]} 17. Be2 {[%eval 29,0]} Qg6 {[%eval 57,0]} 18. Qxg6+ {[%eval 5,0]
} hxg6 {[%eval 82,0]} 19. Bxg5 $6 {[%eval 23,0] Inaccuracy. Nb5 was best.} (19.
Nb5 Ne6 20. Rfd1 Nc4 21. Bxc4 dxc4 22. Nxa7 Re8 23. Kf2 g4 24. a4 Ng5 25. Bxg5
Rxa7) 19... Ne6 $2 {[%eval 106,0] Mistake. f6 was best.} (19... f6 20. Be3 Na4
21. Rfc1 Bd7 22. f4 Nc4 23. Bf2 Nc5 24. Nb3 Ne4 25. Nc5 Bf5 26. Nxe4) 20. Nxe6
{[%eval 153,0]} Bxe6 {[%eval 141,0]} 21. Bf6 {[%eval 106,0]} Nd7 {[%eval 145,0]
} 22. Bd4 {[%eval 165,0]} f6 {[%eval 153,0]} 23. Rfe1 {[%eval 174,0]} Kf7 {
[%eval 143,0]} 24. h4 {[%eval 149,0]} Ne5 {[%eval 151,0]} 25. Kf2 {[%eval 162,
0]} Nc6 {[%eval 154,0]} 26. Be3 {[%eval 136,0]} Rfd8 {[%eval 141,0]} 27. Red1 {
[%eval 111,0]} Rac8 {[%eval 135,0]} 28. g4 {[%eval 137,0]} b6 {[%eval 105,0]}
29. Rac1 {[%eval 105,0]} Rh8 {[%eval 137,0]} 30. Rh1 {[%eval 163,0]} Ne5 $6 {
[%eval 221,0] Inaccuracy. Bd7 was best.} (30... Bd7 31. f4 Kg7 32. Bf3 Be6 33.
Kg3 Rc7 34. Rce1 Bf7 35. g5 fxg5 36. fxg5 Re8 37. Bf2) 31. g5 {[%eval 223,0]}
Bf5 {[%eval 191,0]} 32. gxf6 $6 {[%eval 116,0] Inaccuracy. Bd4 was best.} (32.
Bd4 Rh5) 32... Nd3+ $4 {[%eval 324,0] Blunder. Nd7 was best.} (32... Nd7 33.
Bd4) 33. Bxd3 {[%eval 337,0]} Bxd3 {[%eval 306,0]} 34. Rhd1 $2 {[%eval 191,0]
Mistake. Bd4 was best.} (34. Bd4 Rce8) 34... Bf5 {[%eval 206,0]} 35. Kg3 {
[%eval 184,0]} Rhe8 $2 {[%eval 317,0] Mistake. Be6 was best.} (35... Be6 36. a4
Rh5 37. Bg5 Rhh8 38. a5 bxa5 39. Be3 d4 40. Rxd4 Rhd8 41. Re4 Rd7 42. Ra4) 36.
Bd4 {[%eval 306,0]} Re2 {[%eval 371,0]} 37. Re1 {[%eval 339,0]} Rxe1 {[%eval
345,0]} 38. Rxe1 {[%eval 315,0]} Be6 {[%eval 386,0]} 39. a4 {[%eval 396,0]} Rc7
{[%eval 461,0]} 40. Kf4 {[%eval 447,0]} Rc6 {[%eval 516,0]} 41. Ke5 {[%eval
405,0]} Bg4 {[%eval 508,0]} 42. Kf4 {[%eval 485,0]} Be6 {[%eval 499,0]} 43. Rg1
{[%eval 514,0]} a6 {[%eval 459,0]} 44. Ke5 {[%eval 408,0]} Bd7 {[%eval 551,0]}
45. Kxd5 {[%eval 544,0]} Re6 {[%eval 506,0]} 46. f4 $6 {[%eval 427,0]
Inaccuracy. h5 was best.} (46. h5 Bc6+ 47. Kc4 gxh5 48. Rg7+ Ke8 49. a5 bxa5
50. f7+ Kf8 51. Bc5+ Re7 52. Bxe7+ Kxe7) 46... Bc6+ {[%eval 406,0]} 47. Kc4 {
[%eval 402,0]} Be4 {[%eval 443,0]} 48. Be5 {[%eval 405,0]} Bc2 {[%eval 546,0]}
49. h5 {[%eval 539,0]} Re8 {[%eval 504,0]} 50. Kd5 {[%eval 467,0]} Rd8+ {
[%eval 529,0]} 51. Kc6 {[%eval 527,0]} Bxa4+ {[%eval 548,0]} 52. Kxb6 {[%eval
519,0]} Bc2 $6 {[%eval 609,0] Inaccuracy. gxh5 was best.} (52... gxh5 53. Rg7+
Ke6 54. c4 Rc8 55. Re7+ Kf5 56. c5 h4 57. Kb7 Rf8 58. c6 Bb3 59. Rh7) 53. hxg6+
{[%eval 651,0]} Bxg6 {[%eval 654,0]} 54. c4 {[%eval 596,0]} Rc8 {[%eval 815,0]}
55. f5 {[%eval 871,0]} Bxf5 {[%eval 1589,0]} 56. Rg7+ {[%eval 807,0]} Ke8 {
[%eval 851,0]} 57. Bd6 {[%eval 877,0]} 1-0